• Filosofia greca e romana

di Genre/Form Term

Records bibliografici associati: 3

001 - CONTROL NUMBER

  • control field: 57132

003 - CONTROL NUMBER IDENTIFIER

  • control field:

005 - DATE AND TIME OF LATEST TRANSACTION

  • control field: 20180511140816.0

008 - FIXED-LENGTH DATA ELEMENTS

  • fixed length control field: 180511|| aca||aabn | a|a d

040 ## - CATALOGING SOURCE

  • Original cataloging agency:
  • Transcribing agency:

155 ## - HEADING--GENRE/FORM TERM

  • Genre/form term: Filosofia greca e romana
  • General subdivision: Aristoteles, 384-322 a.C.
  • General subdivision: Testi e testi con commentario.

670 ## - SOURCE DATA FOUND

  • Source citation: Work cat.: ()0: Aristoteles, 384-322 a.C. 57131, Metafisica /, 2017.
CREDITS: SOCIETA' SAN PAOLO Via A.Severo, 58 - ROMA (RM) & PERIODICI SAN PAOLO SRL Via Giotto, 36 MILANO & CISF Via Giotto, 36 MILANO & EDIZIONI SAN PAOLO SRL,  Piazza Soncino, 5 CINISELLO BALSAMO (MI) -- ITALY